Justicia, desigualdad y exclusión : debates contemporáneos /

Na minha lista:
Detalhes bibliográficos
Autor principal: Castro, Elisabetta Di (coordinación)
Formato: Livro
Idioma:espanhol
Publicado em: México : UNAM, 2009, c2009
Colecção:(Ciencias Sociales y Humanidades. Diversidad, Desigualdad y Exclusión)
Assuntos:
Tags: Adicionar Tag
Sem tags, seja o primeiro a adicionar uma tag!

MARC

LEADER 00000nam^a2200000^a^4500
001 000399353
005 20250521000000.0
009 20260310121550.481
020 |a 978-607-02-0977-2 
037 |a Acervo ITESO - Biblioteca 
041 |a ESP 
082 |a 320. 01  |b JUS V. 2 
100 |a Castro, Elisabetta Di  |e (coordinación) 
240 1 1 |a [Justicia, desigualdad y exclusión] 
245 1 0 |a Justicia, desigualdad y exclusión :  |b debates contemporáneos /  |c Coord. de E. Di Castro. 
264 4 |a México :  |b UNAM,  |c 2009, c2009 
300 |a 221 p. 
336 |a texto  |b txt  |2 rdacontenido 
337 |a sin mediación  |b n  |2 rdamedio 
338 |a volumen  |b nc  |2 rdasoporte 
440 1 |a (Ciencias Sociales y Humanidades.  |p Diversidad, Desigualdad y Exclusión) 
521 |a FIL 2017 EEnlace Departamento de Formación Humana 
649 |a XX 
650 |a Igualdad y Desigualdad -  |x Aspectos Económicos 
650 |a Diversidad Cultural 
650 |a Marginación 
650 |a Discriminación 
650 |a Justicia -  |x Administración 
650 |a Justicia e Injusticia -  |x Filosofía -  |x Tema Principal 
650 |a Pluralismo -  |x Teoría 
650 |a Derechos Humanos 
650 |a Filosofía Política 
650 |a Keynes, John Maynard 
650 |a Hayek, Friedrich August von 
910 |a Fondo General 
920 |a Impresos - Libros 
930 |a Colección General 
905 |a 101 
901 |a 0500294662  |b IT1  |c ACC  |i c158032  |u 20250521 
902 |a https://opac.biblio.iteso.mx/vufind/Record/000399353